Vývoj reálných jednotkových mzdových nákladů (RULC) - významný faktor cenové stability a nákladové konkurenceschopnosti ekonomiky

Zmysel zavedenia indikátorov RULC (Real Unit Labor Cost) do analýz faktorov a miery inflácie. Vývoj RULC vo vyspelých trhových ekonomikách v r. 1991-1994 s výhľadom na r. 1995 a 1996. Vývoj RULC v ekonomike ČR. RULC a nákladová konkurencieschopnosť odvetví českého priemyslu. RULC a komparatívne výho...

Description complète

Enregistré dans:
Détails bibliographiques
Auteur principal: Souček, Miroslav
Format: Chapitre de livre
Langue:tchèque
Sujets:
Tags: Ajouter un tag
Pas de tags, Soyez le premier à ajouter un tag!

MARC

LEADER 00000naa a2200000 4500
001 r017568
005 20221205101719.6
041 0 |a cze 
044 |a CZ 
245 1 0 |a Vývoj reálných jednotkových mzdových nákladů (RULC) - významný faktor cenové stability a nákladové konkurenceschopnosti ekonomiky  |c Miroslav Souček 
520 |a Zmysel zavedenia indikátorov RULC (Real Unit Labor Cost) do analýz faktorov a miery inflácie. Vývoj RULC vo vyspelých trhových ekonomikách v r. 1991-1994 s výhľadom na r. 1995 a 1996. Vývoj RULC v ekonomike ČR. RULC a nákladová konkurencieschopnosť odvetví českého priemyslu. RULC a komparatívne výhody českej ekonomiky z titulu "nízkych" nominálnych miezd. 
610 2 0 |a náklady mzdové 
610 2 0 |a RULC 
610 2 0 |a mzdy 
610 2 0 |a stabilita cien 
610 2 0 |a miera inflácie 
610 2 0 |a hospodárstvo trhové 
610 2 0 |a 1991-1994 
610 2 0 |a 1995 
610 2 0 |a 1996 
610 2 0 |a Európa 
610 2 0 |a Česko 
610 2 0 |a odvetvia priemyselné 
610 2 0 |a mzdy nominálne 
610 2 0 |a výhody komparatívne 
100 1 |a Souček, Miroslav